Statistics for [路線図付き] 都営地下鉄 大江戸線 駅名穴埋めクイズ

Click here to take the quiz!

General Stats

  • This quiz has been taken 99 times
  • The average score is 30 of 38

Answers on the Map

Answers color-coded by a green-red scale on the quiz's map according to % correct below.
 

Answer Stats

Answer% Correct
大江戸線E27新宿
97%
大江戸線E26代々木
92%
大江戸線E38光が丘
91%
大江戸線E02東新宿
89%
大江戸線E14清澄白河
88%
大江戸線E01新宿西口
88%
大江戸線E06飯田橋
86%
大江戸線E16月島
86%
大江戸線E28都庁前
86%
大江戸線E35練馬
85%
大江戸線E23六本木
83%
大江戸線E24青山一丁目
83%
大江戸線E30中野坂上
83%
大江戸線E36豊島園
82%
大江戸線E10新御徒町
82%
大江戸線E15門前仲町
82%
大江戸線E31東中野
80%
大江戸線E25国立競技場
80%
大江戸線E07春日
80%
大江戸線E05牛込神楽坂
80%
大江戸線E17勝どき
78%
大江戸線E11蔵前
78%
大江戸線E12両国
78%
大江戸線E20大門
78%
大江戸線E04牛込柳町
77%
大江戸線E13森下
77%
大江戸線E32中井
77%
大江戸線E22麻布十番
77%
大江戸線E09上野御徒町
77%
大江戸線E18築地市場
75%
大江戸線E33落合南長崎
75%
大江戸線E03若松河田
74%
大江戸線E21赤羽橋
72%
大江戸線E29西新宿五丁目
72%
大江戸線E19汐留
71%
大江戸線E08本郷三丁目
71%
大江戸線E37練馬春日町
69%
大江戸線E34新江古田
68%

Score Distribution

Percentile by Number Answered

Percent of People with Each Score

Your Score History

You have not taken this quiz